000 01652nam a2200481 i 4500
001 3040
003 KOSZ 005
005 20200504111958.0
008 981103s1986 pl a |000 0 pol
015 _aUWD 1986/3217
020 _a8320204283
035 _a991007625219705066
035 _a(PL-WaBN)b11976639-48omnis_nlop
035 _ab11976639
035 _a(OCoLC)749577246
035 _a(PL)b0000001197663
035 _a(EXLNZ-48OMNIS_NETWORK)9910153071005606
040 _aWA N
_cWA N
_dKOSZ 005/AR
041 0 _apol
044 _apl
080 _a658.1/.5
080 _a66/69
100 1 _aStrzelecki, Tadeusz Jan
_d(1933- )
_eAutor
245 1 0 _aAlgorytm doskonalenia organizacji /
_cTadeusz Strzelecki.
260 _aWarszawa :
_bInstytut Wydawniczy Związków Zawodowych,
_c1986.
300 _a150, [2] strony :
_bilustracje ;
_c17 cm.
336 _aTekst
_btxt
_2rdacontent
337 _aBez urządzenia pośredniczącego
_bn
_2rdamedia
338 _aWolumin
_bnc
_2rdacarrier
380 _aKsiążki
388 _a1901-2000
388 _a1945-1989
490 1 _aDoskonalenie Organizacji Przedsiębiorstwa Przemysłowego
504 _aBibliografia na stronach 148-[149].
650 _aPrzemysł
_2DBN
658 _aZarządzanie i marketing
658 _aGospodarka, ekonomia, finanse
710 _4pbl
_aInstytut Wydawniczy Związków Zawodowych
856 _uhttp://koha.tu.koszalin.pl/cgi-bin/koha/opac-detail.pl?biblionumber=3040
_yKatalog online BPK
830 0 _aDoskonalenie Organizacji Przedsiębiorstwa Przemysłowego
942 _2UKD
_cKS
999 _c3040
_d3040